International accounting. / (Record no. 8110)

MARC details
000 -LEADER
fixed length control field 01927cam a22003494a 4500
001 - CONTROL NUMBER
control field 14006170
003 - CONTROL NUMBER IDENTIFIER
control field OSt
005 - DATE AND TIME OF LATEST TRANSACTION
control field 20211125114226.0
008 - FIXED-LENGTH DATA ELEMENTS--GENERAL INFORMATION
fixed length control field 050617s2007 maua b 001 0 eng
010 ## - LIBRARY OF CONGRESS CONTROL NUMBER
LC control number 2005049602
020 ## - INTERNATIONAL STANDARD BOOK NUMBER
International Standard Book Number 9780072507751
020 ## - INTERNATIONAL STANDARD BOOK NUMBER
International Standard Book Number 0072507756 (alk. paper)
040 ## - CATALOGING SOURCE
Original cataloging agency DLC
Transcribing agency LC
Modifying agency DLC
042 ## - AUTHENTICATION CODE
Authentication code pcc
050 00 - LIBRARY OF CONGRESS CALL NUMBER
Classification number HF5686.I56.D68
082 00 - DEWEY DECIMAL CLASSIFICATION NUMBER
Classification number 657/.96
Edition number 22
100 1# - MAIN ENTRY--PERSONAL NAME
Personal name Doupnik, Timothy S.
245 10 - TITLE STATEMENT
Title International accounting. /
Statement of responsibility, etc. Timothy Doupnik, Hector Perera.
260 ## - PUBLICATION, DISTRIBUTION, ETC.
Place of publication, distribution, etc. Boston:
Name of publisher, distributor, etc. McGraw-Hill,
Date of publication, distribution, etc. 2007.
300 ## - PHYSICAL DESCRIPTION
Extent xvi, 640 p. :
Other physical details ill. ;
Dimensions 27 cm.
504 ## - BIBLIOGRAPHY, ETC. NOTE
Bibliography, etc. note "List of some useful websites": p. 621-623.
504 ## - BIBLIOGRAPHY, ETC. NOTE
Bibliography, etc. note Includes bibliographical references and index.
505 ## - FORMATTED CONTENTS NOTE
Formatted contents note Contents: Introduction to international accounting -- Worldwide accounting diversity international harmonization of financial reporting standards -- Comparative accounting -- Foreign currency transactions and hedging foreign exchange risk -- Translation of foreign currency financial statements -- Additional financial reporting issues -- Analysis of foreign financial statements -- International taxation -- International transfer pricing -- Strategic accounting issues in multinational corporations -- Comparative international auditing and corporate governance --
650 #0 - SUBJECT ADDED ENTRY--TOPICAL TERM
Topical term or geographic name entry element International business enterprises
General subdivision Accounting.
700 ## - ADDED ENTRY--PERSONAL NAME
Fuller form of name Perera, Hector
856 42 - ELECTRONIC LOCATION AND ACCESS
Materials specified Publisher description
Uniform Resource Identifier <a href="http://www.loc.gov/catdir/enhancements/fy0625/2005049602-d.html">http://www.loc.gov/catdir/enhancements/fy0625/2005049602-d.html</a>
856 41 - ELECTRONIC LOCATION AND ACCESS
Materials specified Table of contents only
Uniform Resource Identifier <a href="http://www.loc.gov/catdir/enhancements/fy0625/2005049602-t.html">http://www.loc.gov/catdir/enhancements/fy0625/2005049602-t.html</a>
856 42 - ELECTRONIC LOCATION AND ACCESS
Materials specified Contributor biographical information
Uniform Resource Identifier <a href="http://www.loc.gov/catdir/enhancements/fy0737/2005049602-b.html">http://www.loc.gov/catdir/enhancements/fy0737/2005049602-b.html</a>
906 ## - LOCAL DATA ELEMENT F, LDF (RLIN)
a 7
b cbc
c orignew
d 1
e ocip
f 20
g y-gencatlg
942 ## - ADDED ENTRY ELEMENTS (KOHA)
Source of classification or shelving scheme Library of Congress Classification
Koha item type Books
Holdings
Withdrawn status Lost status Source of classification or shelving scheme Damaged status Not for loan Home library Current library Shelving location Date acquired Total Checkouts Full call number Barcode Date last seen Price effective from Koha item type
    Library of Congress Classification     WISCONSIN INTERNATIONAL UNIVERSITY COLLEGE, GHANA KUMASI LIBRARY WISCONSIN INTERNATIONAL UNIVERSITY COLLEGE, GHANA KUMASI LIBRARY General Stacks 07/11/2019   HF5686.I56.D68 K/1491/1491/19 25/11/2021 25/11/2021 Books

If you have any concerns or questions; kindly contact the library


© Powered by WIUC ICT DIRECTORATE